El arbitrio judicial

Gardado en:
Detalles Bibliográficos
Autor Principal: Nieto García, Alejandro (autor)
Formato: Libro
Idioma:Lingua castelá
Publicado: Barcelona Ariel 2000
Series:Ariel Derecho
Subjects:
Tags: Engadir etiqueta
Sen Etiquetas, Sexa o primeiro en etiquetar este rexistro!

MARC

LEADER 00000nam a2200000 a 4500
001 UCL0936
003 CL-VaPUC
008 030825e20000000SP |||||||||||||||||spa|d
020 |a 8434416468 
082 0 4 |a 345.077  |b NIE  |2 21 
100 |a Nieto García, Alejandro  |e autor  |9 875856 
245 1 3 |a El arbitrio judicial 
300 |a 444 p 
942 |c BK 
945 |d 20030825 00:00:00  |a cmena 
260 |a Barcelona  |b Ariel  |c 2000 
650 0 |a Sentencias  |9 256250 
650 7 |a DERECHO PENAL  |2 CL-VaPUC  |9 11 
650 0 |a Filosofía del derecho   |9 255050 
650 0 |a Normas jurídicas  |9 258310 
650 0 |a Arbitrariedad  |9 477705 
583 |a last modification  |c 20170822 12:20:01  |k Rodrigo Vera 
490 0 |a Ariel Derecho 
999 |c 304660  |d 304658 
952 |0 0  |1 0  |4 0  |6 345_077000000000000_NIE_2000  |7 0  |8 A  |9 367298  |a BIBDER  |b BIBDER  |d 2019-11-21  |i 393344K  |l 2  |o 345.077 NIE 2000  |p 393344K  |r 2023-06-27  |s 2023-06-19  |w 2019-11-21  |y BK  |k DER